000 00701nam a2200241 a 4500
001 43055
003 BD-RjUL
005 20211209053635.0
008 160619t19651964nyu b 000 0 eng
035 _a(BD-RjUL)43173
040 _aDLC
_cDLC
_dDLC
_dBD-RjUL
_beng
041 _aeng
082 0 0 _a338.9
_223
_bMYE 1965
100 2 _aMyint, H.
_9132203
245 1 4 _aThe economics of the developing countries /
_cH. Myint
250 _aThis ed.
260 _aLondon :
_bHutchison University Library,
_c1965
_cc1964
300 _a192 p. ;
_c22 cm.
500 _aIncludes Index
650 0 _aEconomic development.
_9132215
651 0 _aDeveloping countries
_xEconomic policy.
_9132216
942 _2ddc
_cBK
999 _c43055
_d43055